00577cam a22002171 4500001001300000003000400013005001700017008004100034010001700075035001900092040001800111042001200129050002100141082001500162100002600177245004300203260003900246300002300285650003400308999001700342sa 67003092 DLC20260227112335.0760923s1966 xx 000 0 eng  asa 67003092  a(OCoLC)2459357 aDLCcRUndDLC apremarc00aHD2073 1966b.J3 a338.1/09541 aJain, Sharad Chandra.10aEconomic institutions of rural uplift. aBombay,bPopular Prakashanc[1966] avi, 244 p.c22 cm. 0aAgriculture and statezIndia. c73619d73619